GTZ-terminologie : Deutsch-English, English-Deutsch

Bibliographic Details
Format: Book
Published: Eschborn : German Agency for Technical Cooperation , (19--)
Subjects:

MARC

LEADER 00000cam a2200000 7i4500
001 0000002732
005 20031230.0
090 0 0 |a 401.4   |b GTZ (19--) 
245 0 0 |a GTZ-terminologie :   |b Deutsch-English, English-Deutsch 
260 0 0 |a Eschborn :   |b German Agency for Technical Cooperation ,   |c (19--) 
300 |a 201 p. ;   |c 21 cm. 
650 0 0 |a English language   |x Terminology 
650 0 0 |a German language   |x Terminology 
998 |a JPSM 
999 |a 0000004428   |b Monograph   |c Open Shelf   |e Default branch